000 00397nam a2200157Ia 4500
008 221030s9999 xx 000 0 und d
020 _a8178840448
041 _aEnglish
082 _a105.23
_bAga
100 _aA. Agarwal
245 0 _aData Structures Through C : A Complete Reference Guide
260 _bCyber Tech Pub
_aNew Delhi
_c2002
300 _a631
650 _aComputers
942 _cBK
999 _c2199
_d2199